The man who killed boys /

Gespeichert in:
Bibliographische Detailangaben
1. Verfasser: Linedecker, Clifford l. (Verfasst von)
Format: Buch
Sprache:Englisch
Veröffentlicht: New York : St. Martin's Press, 1986
Schriftenreihe:St.Martin's true crime library
Tags: Tag hinzufügen
Keine Tags, Fügen Sie das erste Tag hinzu!

MARC

LEADER 00000nam a22000007i 4500
001 IT\ICCU\UBO\2259798
003 ItRI
005 20260115231815.0
008 030729s1986 xxu|||||| ||||| |||||c
020 |a 0312952287 
040 |b ita  |c importazione bologna sebina 
041 7 |a eng  |2 ISO-639-2 
100 1 |a Linedecker, Clifford l.  |0 IT\ICCU\RMSV\039676  |4 aut 
245 1 4 |a The man who killed boys /  |c Clifford L. Linedecker. 
260 |a New York :  |b St. Martin's Press,  |c 1986 
300 |a 250 p. ;  |c 18 cm. 
830 0 |a St.Martin's true crime library  |0 IT\ICCU\UBO\2259800 
942 |2 ddc  |c BK  |n 0 
952 |0 0  |1 0  |4 0  |6 DOC_364_152000000000000_LIN  |7 0  |9 13123  |a BO  |b BO  |d 2026-01-15  |i 7566  |l 0  |o DOC 364.152 LIN  |p BO7566  |r 2026-01-15 23:18:15  |w 2026-01-15  |x [Sebina 5] [1 v.]  |y BK  |z 1 v. 
999 |c 11251  |d 11251